Théorie des nombres
שמור ב:
| Main Authors: | , |
|---|---|
| פורמט: | ספר |
| שפה: | צרפתית |
| יצא לאור: |
París
Gauthier-Villars
1967
|
| סדרה: | Monographies Internationales de Mathématiques Modernes
|
| נושאים: | |
| תגים: |
הוספת תג
אין תגיות, היה/י הראשונ/ה לתייג את הרשומה!
|
MARC
| LEADER | 00000nam a2200000 a 4500 | ||
|---|---|---|---|
| 001 | UCP1406 | ||
| 003 | CL-VaPUC | ||
| 008 | 990409e19670000FR |||||||||||||||||fre|d | ||
| 082 | 0 | 4 | |a 515.7 |b BOR |2 21 |
| 100 | |a Borevich, Z. I |e author |9 427441 | ||
| 700 | 0 | |a Shafarevitch, I. R |e author |9 427439 | |
| 245 | 1 | 0 | |a Théorie des nombres |
| 300 | |a 489 p | ||
| 942 | |c BK | ||
| 945 | |d 19990409 00:00:00 |a crobeson | ||
| 260 | |a París |b Gauthier-Villars |c 1967 | ||
| 650 | 0 | |a Teoría de números |9 265327 | |
| 650 | 7 | |a CONGRUENCIA |2 CL-VaPUC |9 422357 | |
| 650 | 7 | |a GRUPOS UNITARIOS |2 CL-VaPUC |9 425202 | |
| 650 | 0 | |a Geometría |9 264063 | |
| 650 | 7 | |a TEREMA DE FERMAT |2 CL-VaPUC |9 427440 | |
| 650 | 7 | |a DIVISION |2 CL-VaPUC |9 343637 | |
| 583 | |a last modification |c 19990409 00:00:00 |k Rodrigo Vera | ||
| 490 | 0 | |a Monographies Internationales de Mathématiques Modernes | |
| 999 | |c 280085 |d 280083 | ||
| 952 | |0 0 |1 0 |4 0 |6 515_700000000000000_BOR_1967 |7 0 |8 A |9 320089 |a BIBMAT |b BIBMAT |d 2019-11-20 |i 134059K |o 515.7 BOR 1967 |p 134059K |r 2025-01-07 |w 2019-11-20 |y BK |k MAT | ||